Katalytické premeny celulózy na chemikálie

Salvato in:
Dettagli Bibliografici
Autore principale: Addová, Michaela (Autore)
Altri autori: Soták, Tomáš (Relatore della tesi)
Natura: Manoscritto Libro
Lingua:slovacco
Pubblicazione: 2015
Soggetti:
Accesso online:http://is.stuba.sk/zp/portal_zp.pl?podrobnosti=101527
Tags: Aggiungi Tag
Nessun Tag, puoi essere il primo ad aggiungerne!!

MARC

LEADER 00000ntm a22000003a 4500
001 stuzp52788
003 SK-STU
005 20160719154259.8
007 ta
008 150427s2015----xo-----f-mn---000-0-slo-d
040 |a STU  |b slo 
041 0 |a slo 
100 1 |a Addová, Michaela  |u 048130  |4 aut  |U FCHPT Ústav organickej chémie, katalýzy a petrochémie  |T FCHPT Oddelenie organickej technológie  |X 60947  |U C8130  |Y 123  |7 60947 
242 0 1 |a Catalytic Conversions of Cellulose to Chemicals  |y eng 
245 1 0 |a Katalytické premeny celulózy na chemikálie 
260 |c 2015 
650 4 |a vodík  |2 slo 
650 4 |a volfrámové katalyzátory  |2 slo 
650 4 |a reformovanie vo vodnej fáze  |2 slo 
650 4 |a biomasa  |2 slo 
650 4 |a aqueous phase reforming  |2 eng 
650 4 |a biomass  |2 eng 
650 4 |a hydrogen  |2 eng 
650 4 |a tungsten catalysts  |2 eng 
700 1 |a Soták, Tomáš  |4 ths  |X 21140  |7 A000021140 
856 4 |u http://is.stuba.sk/zp/portal_zp.pl?podrobnosti=101527 
SQL |a stuzp52788  |b DBP  |c SLO  |d Katalytické premeny celulózy na chemikálie  |e 60947  |f Addová, Michaela  |g 048130  |h 21140  |i Soták, Tomáš  |j 20150713  |k 753  |l 04  |m http://is.stuba.sk/zp/portal_zp.pl?podrobnosti=101527  |n B-CHEMAT  |o 4.1.14. chémia, 5.2.18. chemické technológie